| 000 | 01016nam a2200277 i 4500 | ||
|---|---|---|---|
| 003 | EG-ScBUE | ||
| 005 | 20231218100153.0 | ||
| 008 | 180109s1995 ua a f b 000 0 ara d | ||
| 040 |
_aEG-ScBUE _bara _erda _cEG-ScBUE _dEG-ScBUE |
||
| 043 | _af-ua--- | ||
| 082 | 0 | 4 |
_a962.024 _bز ق ل _222 |
| 100 | 1 |
_aزقلمة، أنور، _eمؤلف. |
|
| 245 | 1 | 2 |
_aالمماليك في مصر / _cتأليف أنور زقلمة. |
| 250 | _aالطبعة الأولى. | ||
| 264 | 1 |
_aالقاهرة : _bمكتبة مدبولي، _c1995. |
|
| 300 |
_a192 صفحة : _bإيضاحيات ؛ _c24 سم. |
||
| 336 |
_2rdacontent _aنص _btxt |
||
| 337 |
_aبدون وسيط _2rdamedia _bn |
||
| 338 |
_aمجلد _bnc _2rdacarrier |
||
| 490 | 0 |
_aصفحات من تاريخ مصر ؛ _v24 |
|
| 504 | _aيشتمل على إرجاعات ببليوجرافية. | ||
| 651 | 7 |
_aمصر _xتاريخ _yالعصر المملوكي، 1250-1517. _2BUEsh _928007 |
|
| 653 |
_bGGEN _bBUSBOL _cJanuary2018 |
||
| 655 | _vReading book | ||
| 942 | _2ddc | ||
| 999 |
_c25906 _d25878 |
||